| 000 | 00657nam a2200193 i 4500 | ||
|---|---|---|---|
| 001 | 79144 | ||
| 003 | ES-MaACL | ||
| 005 | 20251004063125.0 | ||
| 007 | t| | ||
| 008 | 041020s1967 sp f |||| | spa d | ||
| 100 | 1 |
_aHernández Díaz, José, _d1906-1998 _962929 |
|
| 245 | 1 | 0 |
_aMuseo Provincial de Bellas Artes _b: Sevilla / _cpor José Hernández Díaz. |
| 260 |
_aMadrid : _bDirección General de Bellas Artes, _c1967. |
||
| 300 |
_a203 p., 43 lám. ; _c20 cm. |
||
| 610 | 2 | 4 |
_aMuseo de Bellas Artes de Sevilla. _9168615 |
| 710 | 1 |
_aEspaña. _bDirección General de Bellas Artes. _93704 |
|
| 852 |
_aES-MaACL _jL-531 |
||
| 999 |
_c79144 _d79144 |
||